GUYTON & HALL TEXTBOOK OF MEDICAL PHYSIOLOGY (Record no. 193215)

MARC details
000 -LEADER
fixed length control field 00660nam a2200205Ia 4500
003 - CONTROL NUMBER IDENTIFIER
control field OSt
005 - DATE AND TIME OF LATEST TRANSACTION
control field 20250819122051.0
020 ## - INTERNATIONAL STANDARD BOOK NUMBER
International Standard Book Number 978-81-312-4466-1
040 ## - CATALOGING SOURCE
Transcribing agency LC
050 ## - LIBRARY OF CONGRESS CALL NUMBER
Classification number QP 34.5 .H 35 2016
100 ## - MAIN ENTRY--PERSONAL NAME
Personal name HALL, JOHN E
245 #0 - TITLE STATEMENT
Title GUYTON & HALL TEXTBOOK OF MEDICAL PHYSIOLOGY
250 ## - EDITION STATEMENT
Edition statement SECOND SOUTH ASIA EDITION:RESTRICTED EDITION
260 ## - PUBLICATION, DISTRIBUTION, ETC.
Place of publication, distribution, etc. NEW DELHI,
Name of publisher, distributor, etc. ELSEVIER RELX INDIA PVT. LTD,
Date of publication, distribution, etc. 2016,
300 ## - PHYSICAL DESCRIPTION
Extent XiX, 927 P, ILL
500 ## - GENERAL NOTE
General note INCLUES BIBLIOGRAPHICAL REFERENCES AND INDEX
650 ## - SUBJECT ADDED ENTRY--TOPICAL TERM
Topical term or geographic name entry element Human physiology, Physiology, Pathological, Physiological Phenomena
700 ## - ADDED ENTRY--PERSONAL NAME
Personal name VAZ MARIO,KURPAD ANURA,RAJ TONY
942 ## - ADDED ENTRY ELEMENTS (KOHA)
Koha item type Long Loan Book
Source of classification or shelving scheme Library of Congress Classification
Suppress in OPAC No
Holdings
Withdrawn status Lost status Source of classification or shelving scheme Damaged status Not for loan Collection Home library Current library Shelving location Date acquired Inventory number Total checkouts Total renewals Full call number Barcode Date last seen Date last checked out Copy number Price effective from Koha item type
    Library of Congress Classification     Medicine Kisii University Library Kisii University Library On Display 09/15/2023 94574 10 1 QP 34.5 .H35 2016 041844 08/05/2025 07/28/2025 5 09/15/2023 Long Loan Book